000 00546nam a2200193Ia 4500
005 20240913125702.0
008 240913s9999||||xx |||||||||||||| ||und||
020 _a978-81-315-1308-8
041 _aENGLISH
082 _A629.222 Q0
100 _aChristopher Hadfield
245 0 _aAutomotive Engineering Engine Repair & Rebuilding(Classroom Manuall)
250 _a1st
260 _c2010
_bCengage Learning
_aNew Delhi
500 _aREFERENCE
650 _aAutomotive Engineering
_bAutomobile Engineering
942 _cREF
999 _c246057
_d246057